1012 1338 1865 1160 1621 1518 1331 1477 1872 1237 1596 1433 1246 1997 1887 1224 1306 1202 1989 1616 1225 1097 1988 1370 1143 1010 1268 2000 1935 1356 1338 1722 1142 1816 1287 1740 1565 1068 1413 1411 1045 1295 1866 1828 1290 1623 1764 1273 1269 1037 1520 1068 1615 1637 1576 1584 1470 1936 1174 1136 1947 1093 1104 1617 1454 1929 1432 1058 1134 1075 1743 1332 1540 1548 1030 1179 1444 1687 1638 1922 1959 1066 1848 1438 1819 1693 1173 1774 1293 1427 1005 1300 1879 1998 1291 1610 1769 1642 1800 BCNSPRNW ULIB Ver.6.0+V

เปลี่ยนเป็นภาษาไทย

Change to English
 แสดงรายละเอียดบรรณานุกรม
  กลับหน้าหลัก

Brief Record : Get Marc (ISO 2709) : E-mail record : QR code < ปิดหน้าต่าง
LEADER : 00000nam 2200000uu 4500
001    13399110581
003     ULIB
008    110603s2544||||th 000 0 tha d
020    9747150263
060  4 WQ150^bว562ร 2544
100 0  วิชัย ชวาลไพบูลย์
245 10 108-1009ปัญหาคุณแม่ดูแลครรภ์/^cวิชัย ชวาลไพบูลย์
250    พิมพ์ครั้งที่ 1
260    กรุงเทพฯ :^bรักลูก,^c2544
300    168 หน้า
650  7 ครรภ์
650  7 ดูแลครรภ์
650  7 ปัญหา^xตั้งครรภ์
945    ^p125^l0^i013840
945    ^p125^l0^i013839
945    ^p125^l0^i013838
995    ทศพร
999 ^a ใช้งานได้ทุกระบบ
รายการนี้ยังไม่มีแท็ก
คุณยังไม่ได้ล็อกอิน คุณสามารถมีกิจกรรมร่วมกับเว็บไซต์ได้ แต่ต้องล็อกอินก่อน ::
  ล็อกอิน

รายการสื่อสารสนเทศ

ลำดับที่ ประเภท เลขเรียก/บาร์โค้ด สถานที่ สถานะ
- ไม่พบข้อมูล -

รายการใกล้เคียง
    ผู้แต่ง [วิชัย ชวาลไพบูลย์]

    หัวเรื่อง [ครรภ์]

BibComment


ยังไม่เคยถูกคอมเมนท์

คอมเมนท์ทรัพยากรรายการนี้
  คอมเมนท์: 1081009ปัญหาคุณแม..


 Copyright 2026. Bcnsprnw @Library